01622nam a2200373Ia 4500001001200000003000800012006001900020007001500039008004100054010001700095020003100112040002100143035002100164050002300185100002800208245015600236260004200392300001600434490005100450504005100501533015200552650003800704650003600742650006000778650006000838650004000898650004000938650002700978655002901005710001701034830005201051856012601103999001901229ebr10373487CaPaEBRm u cr cn|||||||||091014s2009 nyu sb 001 0 eng d z 2009041494 z9783110206005 (alk. paper) aCaPaEBRcCaPaEBR a(OCoLC)64789659514aPT289b.R38 2009eb1 aReese, Diana K.,d1965-10aReproducing enlightenment: paradoxes in the life of the body politich[electronic resource] :bliterature and philosophy around 1800 /cDiana K. Reese. aNew York :bWalter de Gruyter,c2009. axii, 183 p.1 aInterdisciplinary German cultural studies ;v5 aIncludes bibliographical references and index. aElectronic reproduction.bPalo Alto, Calif. :cebrary,d2011.nAvailable via World Wide Web.nAccess may be limited to ebrary affiliated libraries. 0aHuman reproduction in literature. 0aHuman reproductionxPhilosophy. 0aGerman literaturey18th centuryxHistory and criticism. 0aGerman literaturey19th centuryxHistory and criticism. 0aPhilosophy, Europeany18th century. 0aPhilosophy, Europeany19th century. 0aEnlightenmentzEurope. 7aElectronic books.2local2 aebrary, Inc. 0aInterdisciplinary German cultural studies ;v5.40uhttp://site.ebrary.com/lib/rucke/Doc?id=10373487zAn electronic book accessible through the World Wide Web; click to view c195232d195232